000 00473cam a2200193ua 4500
001 9285
005 20260515114441.0
008 150225n ii |||gr||||Z||||||eng
040 _cMAIN
041 _aeng
082 _a808.103
100 _aGupta, A. N.,
_eAuthor.
245 1 _aDictionary of literary terms
_cBy A. N. Gupta
250 _a1st.
260 _aBareilly:
_bPrakash,
_c1995.
300 _a384p.
653 _aRhetoric & collections of literature
942 _cBK
999 _c8345
_d8345